Представление документа в формате RUSMARC

ПолеНазваниеЗначение
  Тип записи a
  Библиографический уровень m
001 Контрольный номер RU/SLIB/B/208704904
005 Дата корректировки 20221110114533.6
010 Индекс ISBN __
d Цена 22000-00
101 Язык документа 0_
a Язык текста rus
200 Заглавие и сведения об ответственности 0_
a Заглавие Наука жить
e Сведения, относящиеся к заглавию пер. с англ. и нем.
f Первые сведения об ответственности сост. и общ. ред. А. А. Юдина
b Общее обозначение материала Текст
210 Выходные данные 1_
a Место издания Киев
c Издательство Port-Royal
d Дата издания 1997
215 Физическое описание __
a Объем 288 c.
225 Серия 2_
a Серия Бестселлеры психологии
606 Тематические рубрики __
a Основная рубрика Психология
606 Тематические рубрики __
a Основная рубрика Общая психология
610 Ключевые слова 0_
a Ключевые слова брак; бракосочетание; секс; смысл жизни; неврозы; психотерапия; любовь; остроумие; власть; психоанализ
686 Индексы других классификаций __
2 Код системы rubbks
a Классификационный индекс 88.3-95
700 Автор _0
a Фамилия Адлер
b Имя А.
4 Код отношения 070
801 Источник записи _0
a Страна RU
b Организация Муниципальное бюджетное учреждение культуры "Централизованная библиотечная система" г. Сургут (Центральная городская библиотека им. А. С. Пушкина)
801 Источник записи _1
a Страна RU
b Организация Муниципальное бюджетное учреждение культуры "Централизованная библиотечная система" г. Сургут (Центральная городская библиотека им. А. С. Пушкина)
852 Данные о местонахождении __
j Шифр хранения 88.3-95
c Каталожный индекс 88
i Авторский знак А 31
p Инвентарный номер 65624
901 Тип документа __
t Тип документа m
903 Характеристики (МАРС) __
a Дата передачи 20081029
990 Данные о заказе (DOS) 00
j Количество экземпляров (DOS) 1
t N записи в КСУ для И/У (DOS) 199701